000 00257nam a2200133Ia 4500
100 _aCIMI
942 _cBK
366 _f20
245 _aELECT.MECH/RTV/IST YEAR ASSIGNMENT
260 _bCIMI
_aChennai
300 _a64
546 _aENGLISH
999 _c20898
_d20898